000 00576nam a22002057a 4500
005 20260423124905.0
008 260423b |||||||| |||| 00| 0 eng d
020 _a9788196173524
040 _aMAIN
041 _aeng
082 _a428
_bDHA
100 _aDharisini, S. P.
_qDr. S. Priya
245 _aEnglish Language & Communication Skills
250 _a2nd Revised Ed.
260 _aDibrugarh
_bMahaveer Publications
_c2025
300 _a236p. ;
_c28 cm
505 _aFYUGP (NEP) AEC -2 2nd Semester Dibrugarh University
650 _aEnglish
942 _2ddc
_cBK
999 _c16427
_d16427